| 000 | 00812aam a2200277 i 4500 | ||
|---|---|---|---|
| 001 | 4112 | ||
| 003 | CO-MdFUSB | ||
| 005 | 20230912114646.0 | ||
| 007 | ta | ||
| 008 | 230905t1889 us ||||g |||| 00| 0 eng d | ||
| 040 |
_bspa _aCO-MdFUSB _cCO-MdFUSB _dCO-MdFUSBC _erda |
||
| 041 | _aeng | ||
| 082 | 0 | 4 |
_223 _a232.9 _bS7826i |
| 100 | 1 |
_aStalker, James (1848-1927) _eautor |
|
| 245 | 1 | 0 |
_aImago Christi _b: The example of Jesus Christ _c/ James Stalker |
| 264 | 4 |
_aNassau Street, NY., USA : _bAmerican Tract Society, _c©1889 |
|
| 300 |
_a332 páginas _c; 19 cm |
||
| 336 |
_atexto _btxt _2rdacontent |
||
| 337 |
_2rdamedia _asin mediación _bn |
||
| 338 |
_2rdacarrier _avolumen _bnc |
||
| 563 | _aTapa dura | ||
| 650 | 1 | 7 |
_aÉtica cristiana _9185 |
| 942 | _cP | ||
| 945 | _aAF | ||
| 999 |
_c34726 _d34726 |
||